[Event "DVM U20 2023"]
[Site "Magdeburg GER"]
[Date "2023.12.27"]
[Round "1"]
[White "Trinh, Fabian Dat"]
[Black "Dornieden, Jonas"]
[Result "1/2-1/2"]
[Termination "normal"]
[Board "6.2"]
[WhiteElo "1875"]
[BlackElo "2036"]
[WhiteClock "00:20:59"]
[BlackClock "00:24:53"]
[WhiteTeam "SV Hemer 1932"]
[BlackTeam "SK Lehrte 1919"]
[PlyCount "83"]
[WhiteFideId "16243641"]
[BlackFideId "1336460"]
[EventCountry "GER"]
[EventRounds "7"]
[EventType "team-swiss"]
[EventDate "2023.12.26"]

1. d4 {[%clk 01:30:57]} {[%emt 00:00:03]} d5 {[%clk 01:30:52]} {[%emt
00:00:09]} 2. Bf4 {[%clk 01:31:12]} {[%emt 00:00:16]} c5 {[%clk 01:31:13]}
{[%emt 00:00:07]} 3. e3 {[%clk 01:31:34]} {[%emt 00:00:08]} cxd4 {[%clk
01:31:36]} {[%emt 00:00:07]} 4. exd4 {[%clk 01:31:56]} {[%emt 00:00:09]} Nc6
{[%clk 01:31:57]} {[%emt 00:00:08]} 5. c3 {[%clk 01:31:46]} {[%emt 00:00:41]}
Bf5 {[%clk 01:32:12]} {[%emt 00:00:14]} 6. Nf3 {[%clk 01:30:43]} {[%emt
00:01:32]} e6 {[%clk 01:32:13]} {[%emt 00:00:29]} 7. Qb3 {[%clk 01:26:10]}
{[%emt 00:05:04]} Bd6 {[%clk 01:30:59]} {[%emt 00:01:43]} 8. Bg3 {[%clk
01:18:46]} {[%emt 00:07:54]} Nge7 {[%clk 01:28:44]} {[%emt 00:02:44]} 9. Be2
{[%clk 01:15:13]} {[%emt 00:04:05]} h6 {[%clk 01:24:29]} {[%emt 00:04:45]} 10.
Nbd2 {[%clk 01:12:30]} {[%emt 00:03:12]} O-O {[%clk 01:24:02]} {[%emt
00:00:56]} 11. O-O {[%clk 01:11:06]} {[%emt 00:01:53]} Qc7 {[%clk 01:15:48]}
{[%emt 00:08:45]} 12. Rfe1 {[%clk 01:05:28]} {[%emt 00:06:07]} Rfc8 {[%clk
01:06:35]} {[%emt 00:09:44]} 13. Bf1 {[%clk 01:02:28]} {[%emt 00:03:29]} Na5
{[%clk 01:00:44]} {[%emt 00:06:21]} 14. Qd1 {[%clk 00:53:25]} {[%emt 00:09:34]}
Bxg3 {[%clk 00:59:36]} {[%emt 00:01:40]} 15. hxg3 {[%clk 00:53:46]} {[%emt
00:00:08]} a6 {[%clk 00:39:27]} {[%emt 00:20:38]} 16. Ne5 {[%clk 00:52:56]}
{[%emt 00:01:21]} b5 {[%clk 00:34:10]} {[%emt 00:05:46]} 17. g4 {[%clk
00:50:05]} {[%emt 00:03:21]} Bg6 {[%clk 00:31:56]} {[%emt 00:02:44]} 18. Bd3
{[%clk 00:47:42]} {[%emt 00:02:53]} Bxd3 {[%clk 00:31:28]} {[%emt 00:00:58]}
19. Nxd3 {[%clk 00:48:07]} {[%emt 00:00:05]} Nc4 {[%clk 00:22:14]} {[%emt
00:09:43]} 20. Nb3 {[%clk 00:29:06]} {[%emt 00:19:32]} Nc6 {[%clk 00:20:39]}
{[%emt 00:02:05]} 21. Nbc5 {[%clk 00:25:07]} {[%emt 00:04:29]} a5 {[%clk
00:19:50]} {[%emt 00:01:20]} 22. b3 {[%clk 00:15:38]} {[%emt 00:09:58]} Nd6
{[%clk 00:19:55]} {[%emt 00:00:25]} 23. a3 {[%clk 00:15:34]} {[%emt 00:00:35]}
b4 {[%clk 00:10:37]} {[%emt 00:09:46]} 24. axb4 {[%clk 00:15:05]} {[%emt
00:01:00]} axb4 {[%clk 00:11:01]} {[%emt 00:00:06]} 25. Nxb4 {[%clk 00:15:04]}
{[%emt 00:00:30]} Nxb4 {[%clk 00:09:23]} {[%emt 00:02:09]} 26. cxb4 {[%clk
00:15:17]} {[%emt 00:00:16]} Qb6 {[%clk 00:09:02]} {[%emt 00:00:51]} 27. Qd2
{[%clk 00:14:25]} {[%emt 00:01:22]} Ne4 {[%clk 00:01:55]} {[%emt 00:07:36]} 28.
Rxa8 {[%clk 00:07:05]} {[%emt 00:07:51]} Rxa8 {[%clk 00:02:11]} {[%emt
00:00:14]} 29. Nxe4 {[%clk 00:07:24]} {[%emt 00:00:12]} dxe4 {[%clk 00:02:30]}
{[%emt 00:00:11]} 30. Rxe4 {[%clk 00:07:40]} {[%emt 00:00:13]} Rd8 {[%clk
00:01:26]} {[%emt 00:01:34]} 31. Qc3 {[%clk 00:06:59]} {[%emt 00:01:11]} Rd5
{[%clk 00:00:37]} {[%emt 00:01:20]} 32. Qc8+ {[%clk 00:05:29]} {[%emt
00:02:00]} Kh7 {[%clk 00:01:01]} {[%emt 00:00:06]} 33. Qf8 {[%clk 00:05:48]}
{[%emt 00:00:11]} Qc7 {[%clk 00:00:56]} {[%emt 00:00:35]} 34. g3 {[%clk
00:05:06]} {[%emt 00:01:13]} Kg6 {[%clk 00:00:33]} {[%emt 00:00:53]} 35. Rf4
{[%clk 00:04:57]} {[%emt 00:00:39]} Qd7 {[%clk 00:00:32]} {[%emt 00:00:31]} 36.
Qa8 {[%clk 00:03:03]} {[%emt 00:02:23]} Qc7 {[%clk 00:00:34]} {[%emt 00:00:28]}
37. Qa1 {[%clk 00:01:52]} {[%emt 00:01:42]} Kh7 {[%clk 00:00:51]} {[%emt
00:00:14]} 38. Qa4 {[%clk 00:00:59]} {[%emt 00:01:23]} Qb7 {[%clk 00:00:36]}
{[%emt 00:00:45]} 39. Qe8 {[%clk 00:00:47]} {[%emt 00:00:41]} Kg6 {[%clk
00:01:00]} {[%emt 00:00:06]} 40. Qa4 {[%clk 00:00:42]} {[%emt 00:00:35]} Rb5
{[%clk 00:00:45]} {[%emt 00:00:45]} 41. Qa2 {[%clk 00:21:47]} {[%emt 00:09:25]}
Kh7 {[%clk 00:24:53]} {[%emt 00:06:22]} 42. Qc2+ {[%clk 00:20:59]} {[%emt
00:01:18]} 1/2-1/2

[Event "DVM U20 2023"]
[Site "Magdeburg GER"]
[Date "2023.12.27"]
[Round "1"]
[White "Kieselbach, Marvin"]
[Black "Dartmann Aubanell, Catriona"]
[Result "1-0"]
[Termination "normal"]
[Board "6.3"]
[WhiteElo "1970"]
[BlackElo "1856"]
[WhiteClock "00:30:19"]
[BlackClock "00:23:53"]
[WhiteTeam "SK Lehrte 1919"]
[BlackTeam "SV Hemer 1932"]
[PlyCount "83"]
[WhiteFideId "16235770"]
[BlackFideId "24585270"]
[EventCountry "GER"]
[EventRounds "7"]
[EventType "team-swiss"]
[EventDate "2023.12.26"]

1. e4 {[%clk 01:30:49]} {[%emt 00:00:11]} e6 {[%clk 01:30:49]} {[%emt
00:00:11]} 2. d4 {[%clk 01:31:10]} {[%emt 00:00:09]} d5 {[%clk 01:31:10]}
{[%emt 00:00:10]} 3. Nd2 {[%clk 01:31:24]} {[%emt 00:00:15]} c5 {[%clk
01:30:56]} {[%emt 00:00:45]} 4. Ngf3 {[%clk 01:31:44]} {[%emt 00:00:09]} Nc6
{[%clk 01:29:39]} {[%emt 00:01:48]} 5. exd5 {[%clk 01:31:57]} {[%emt 00:00:16]}
Qxd5 {[%clk 01:27:13]} {[%emt 00:02:56]} 6. Bc4 {[%clk 01:30:33]} {[%emt
00:01:54]} Qd8 {[%clk 01:25:37]} {[%emt 00:02:07]} 7. Nb3 {[%clk 01:27:52]}
{[%emt 00:03:11]} cxd4 {[%clk 01:24:13]} {[%emt 00:01:55]} 8. Nbxd4 {[%clk
01:24:26]} {[%emt 00:03:56]} Nxd4 {[%clk 01:24:08]} {[%emt 00:00:35]} 9. Qxd4
{[%clk 01:24:41]} {[%emt 00:00:13]} Qxd4 {[%clk 01:24:30]} {[%emt 00:00:08]}
10. Nxd4 {[%clk 01:25:05]} {[%emt 00:00:06]} a6 {[%clk 01:23:27]} {[%emt
00:01:34]} 11. a4 {[%clk 01:18:18]} {[%emt 00:07:16]} Bd6 {[%clk 01:20:26]}
{[%emt 00:03:30]} 12. O-O {[%clk 01:17:47]} {[%emt 00:01:00]} Nf6 {[%clk
01:17:47]} {[%emt 00:03:11]} 13. Rd1 {[%clk 01:04:54]} {[%emt 00:13:22]} Bc7
{[%clk 01:10:14]} {[%emt 00:08:03]} 14. b4 {[%clk 00:51:54]} {[%emt 00:13:32]}
O-O {[%clk 00:56:38]} {[%emt 00:14:05]} 15. Ba3 {[%clk 00:40:47]} {[%emt
00:11:37]} Rd8 {[%clk 00:52:46]} {[%emt 00:04:22]} 16. b5 {[%clk 00:38:36]}
{[%emt 00:02:40]} e5 {[%clk 00:43:09]} {[%emt 00:10:07]} 17. Nb3 {[%clk
00:25:18]} {[%emt 00:13:48]} Bf5 {[%clk 00:27:59]} {[%emt 00:15:41]} 18. Rxd8+
{[%clk 00:17:09]} {[%emt 00:08:38]} Bxd8 {[%clk 00:26:01]} {[%emt 00:02:30]}
19. bxa6 {[%clk 00:15:06]} {[%emt 00:02:33]} bxa6 {[%clk 00:26:05]} {[%emt
00:00:26]} 20. Nc5 {[%clk 00:13:06]} {[%emt 00:02:29]} a5 {[%clk 00:20:14]}
{[%emt 00:06:22]} 21. Rb1 {[%clk 00:11:35]} {[%emt 00:02:01]} Bxc2 {[%clk
00:17:25]} {[%emt 00:03:17]} 22. Rb7 {[%clk 00:11:48]} {[%emt 00:00:17]} Bg6
{[%clk 00:17:32]} {[%emt 00:00:25]} 23. h3 {[%clk 00:08:51]} {[%emt 00:03:26]}
h6 {[%clk 00:13:34]} {[%emt 00:04:29]} 24. Nd3 {[%clk 00:05:05]} {[%emt
00:04:15]} Bxd3 {[%clk 00:10:27]} {[%emt 00:03:37]} 25. Bxd3 {[%clk 00:05:34]}
{[%emt 00:00:01]} Rc8 {[%clk 00:10:13]} {[%emt 00:00:45]} 26. Bf5 {[%clk
00:05:24]} {[%emt 00:00:38]} Ra8 {[%clk 00:08:34]} {[%emt 00:02:11]} 27. Bb1
{[%clk 00:05:22]} {[%emt 00:00:31]} Rc8 {[%clk 00:04:26]} {[%emt 00:04:38]} 28.
Bd6 {[%emt 00:05:05]} Rc1+ {[%clk 00:01:53]} 29. Kh2 {[%clk 00:04:14]} {[%emt
00:00:05]} Rd1 {[%clk 00:01:57]} {[%emt 00:00:26]} 30. Bxe5 {[%clk 00:04:04]}
{[%emt 00:00:41]} Nd7 {[%clk 00:01:10]} {[%emt 00:01:17]} 31. Bc3 {[%clk
00:02:27]} {[%emt 00:02:00]} Bf6 {[%clk 00:00:31]} {[%emt 00:01:16]} 32. Bxa5
{[%clk 00:02:01]} {[%emt 00:00:56]} g6 {[%clk 00:00:44]} {[%emt 00:00:17]} 33.
Bc2 {[%emt 00:01:05]} Rd5 {[%clk 00:00:35]} 34. Bb4 {[%clk 00:01:52]} {[%emt
00:00:40]} Nc5 {[%clk 00:00:32]} {[%emt 00:00:36]} 35. Rb5 {[%clk 00:01:34]}
{[%emt 00:00:48]} Bd4 {[%clk 00:00:32]} {[%emt 00:00:30]} 36. f4 {[%clk
00:01:23]} {[%emt 00:00:36]} g5 {[%clk 00:00:36]} {[%emt 00:00:30]} 37. Be4
{[%clk 00:01:07]} {[%emt 00:00:37]} Bg1+ {[%clk 00:00:40]} {[%emt 00:00:37]}
38. Kxg1 {[%clk 00:00:41]} {[%emt 00:00:54]} Rd1+ {[%clk 00:01:06]} {[%emt
00:00:04]} 39. Kh2 {[%clk 00:00:57]} {[%emt 00:00:12]} Nxe4 {[%clk 00:01:34]}
{[%emt 00:00:04]} 40. fxg5 {[%clk 00:00:56]} {[%emt 00:00:31]} hxg5 {[%clk
00:01:19]} {[%emt 00:00:46]} 41. a5 {[%clk 00:00:48]} {[%emt 00:00:37]} f6
{[%clk 00:23:53]} {[%emt 00:07:57]} 42. a6 {[%clk 00:30:19]} {[%emt 00:00:59]}
1-0

[Event "DVM U20 2023"]
[Site "Magdeburg GER"]
[Date "2023.12.27"]
[Round "1"]
[White "Poggemann, Alexander"]
[Black "Kieselbach, Jannik"]
[Result "0-1"]
[Termination "normal"]
[Board "6.4"]
[WhiteElo "1750"]
[BlackElo "1914"]
[WhiteTeam "SV Hemer 1932"]
[BlackTeam "SK Lehrte 1919"]
[PlyCount "54"]
[WhiteFideId "16224167"]
[BlackFideId "16246403"]
[EventCountry "GER"]
[EventRounds "7"]
[EventType "team-swiss"]
[EventDate "2023.12.26"]

1. d4 {[%emt 00:29:09]} Nf6 {[%emt 00:00:12]} 2. Nf3 {[%emt 00:00:13]} e6
{[%emt 00:00:44]} 3. e3 {[%emt 00:00:13]} b6 {[%emt 00:00:13]} 4. Bd3 {[%emt
00:00:53]} Bb7 {[%emt 00:00:14]} 5. Nbd2 {[%emt 00:00:57]} d5 {[%emt 00:00:48]}
6. b3 {[%emt 00:00:53]} Nbd7 {[%emt 00:00:16]} 7. Bb2 {[%emt 00:00:28]} Be7
{[%emt 00:00:59]} 8. O-O {[%emt 00:01:30]} O-O {[%emt 00:00:53]} 9. Ne5 {[%emt
00:03:17]} Ne4 {[%emt 00:10:07]} 10. f4 {[%emt 00:12:29]} f5 {[%emt 00:19:24]}
11. Ndf3 {[%emt 00:07:00]} Ndf6 {[%emt 00:02:26]} 12. Ng5 {[%emt 00:18:34]}
Nxg5 {[%emt 00:06:51]} 13. fxg5 {[%emt 00:00:44]} Nd7 {[%emt 00:06:04]} 14. g6
{[%emt 00:06:01]} Nxe5 {[%emt 00:01:24]} 15. gxh7+ {[%emt 00:00:21]} Kxh7
{[%emt 00:14:33]} 16. dxe5 {[%emt 00:00:20]} g6 {[%emt 00:16:07]} 17. Rf3
{[%emt 00:09:55]} Kg7 {[%emt 00:06:15]} 18. g4 {[%emt 00:07:18]} d4 {[%emt
00:03:30]} 19. Rg3 {[%emt 00:14:07]} f4 {[%emt 00:05:47]} 20. Rh3 {[%emt
00:06:06]} dxe3 {[%emt 00:01:22]} 21. Bc4 {[%emt 00:06:03]} Qxd1+ {[%emt
00:00:33]} 22. Rxd1 Rad8 {[%emt 00:00:58]} 23. Rc1 {[%emt 00:01:51]} f3 {[%emt
00:01:14]} 24. Bxe6 {[%emt 00:01:05]} f2+ {[%emt 00:00:05]} 25. Kf1 {[%emt
00:00:04]} e2+ {[%emt 00:00:18]} 26. Kxe2 {[%emt 00:00:06]} Bg2 {[%emt
00:00:05]} 27. Bf5 {[%emt 00:01:58]} Bxh3 {[%emt 00:00:54]} 0-1

[Event "DVM U20 2023"]
[Site "Magdeburg GER"]
[Date "2023.12.27"]
[Round "1"]
[White "Ahlbrecht, Malte"]
[Black "Jagodzinsky, Lukas"]
[Result "1-0"]
[Termination "normal"]
[Board "6.5"]
[WhiteElo "1727"]
[BlackElo "1449"]
[WhiteClock "00:04:53"]
[BlackClock "00:35:19"]
[WhiteTeam "SK Lehrte 1919"]
[BlackTeam "SV Hemer 1932"]
[PlyCount "61"]
[WhiteFideId "34620001"]
[BlackFideId "16233255"]
[EventCountry "GER"]
[EventRounds "7"]
[EventType "team-swiss"]
[EventDate "2023.12.26"]

1. e4 {[%clk 01:30:59]} {[%emt 00:00:01]} e6 {[%clk 01:30:36]} {[%emt
00:00:23]} 2. d4 {[%clk 01:31:27]} {[%emt 00:00:04]} d5 {[%clk 01:31:01]}
{[%emt 00:00:05]} 3. Nc3 {[%clk 01:31:55]} {[%emt 00:00:01]} Nf6 {[%clk
01:30:55]} {[%emt 00:00:35]} 4. Bg5 {[%clk 01:32:10]} {[%emt 00:00:16]} Be7
{[%clk 01:30:53]} {[%emt 00:00:32]} 5. e5 {[%clk 01:31:54]} {[%emt 00:00:45]}
Nfd7 {[%clk 01:31:11]} {[%emt 00:00:13]} 6. h4 {[%clk 01:32:11]} {[%emt
00:00:13]} h6 {[%clk 01:30:31]} {[%emt 00:01:11]} 7. Bxe7 {[%clk 01:29:46]}
{[%emt 00:02:54]} Qxe7 {[%clk 01:30:48]} {[%emt 00:00:12]} 8. Qg4 {[%emt
00:03:10]} O-O {[%clk 01:28:50]} {[%emt 00:00:01]} 9. Nf3 {[%clk 01:15:45]}
{[%emt 00:14:19]} a6 {[%clk 01:28:10]} {[%emt 00:01:10]} 10. Bd3 {[%clk
00:51:28]} {[%emt 00:24:48]} f6 {[%clk 01:26:21]} {[%emt 00:02:18]} 11. Qg6
{[%clk 00:30:20]} {[%emt 00:21:37]} f5 {[%clk 01:08:59]} {[%emt 00:17:52]} 12.
g4 {[%clk 00:18:52]} {[%emt 00:11:58]} Qf7 {[%clk 01:04:23]} {[%emt 00:05:05]}
13. Qxf7+ {[%clk 00:18:50]} {[%emt 00:00:33]} Kxf7 {[%clk 01:01:36]} {[%emt
00:03:15]} 14. gxf5 {[%clk 00:19:17]} {[%emt 00:00:05]} c6 {[%clk 01:00:05]}
{[%emt 00:02:01]} 15. fxe6+ {[%clk 00:18:59]} {[%emt 00:00:48]} Kxe6 {[%clk
00:59:42]} {[%emt 00:00:53]} 16. Ke2 {[%clk 00:19:29]} {[%emt 00:00:01]} c5
{[%clk 00:57:41]} {[%emt 00:02:30]} 17. Rag1 {[%clk 00:11:34]} {[%emt
00:08:25]} cxd4 {[%clk 00:52:17]} {[%emt 00:05:54]} 18. Rg6+ {[%clk 00:10:16]}
{[%emt 00:01:47]} Ke7 {[%clk 00:45:44]} {[%emt 00:07:00]} 19. Nxd5+ {[%clk
00:09:29]} {[%emt 00:01:20]} Kd8 {[%clk 00:44:57]} {[%emt 00:01:17]} 20. e6
{[%clk 00:08:57]} {[%emt 00:01:02]} Re8 {[%clk 00:42:12]} {[%emt 00:03:14]} 21.
e7+ {[%clk 00:08:22]} {[%emt 00:01:06]} Rxe7+ {[%clk 00:42:26]} {[%emt
00:00:16]} 22. Nxe7 {[%clk 00:08:51]} {[%emt 00:00:01]} Kxe7 {[%clk 00:42:54]}
{[%emt 00:00:03]} 23. Rxg7+ {[%clk 00:09:15]} {[%emt 00:00:06]} Kd8 {[%clk
00:41:40]} {[%emt 00:01:44]} 24. Nxd4 {[%clk 00:08:47]} {[%emt 00:00:57]} Kc7
{[%clk 00:37:51]} {[%emt 00:04:19]} 25. Rhg1 {[%clk 00:06:58]} {[%emt
00:02:20]} Nc6 {[%clk 00:37:30]} {[%emt 00:00:51]} 26. Nxc6 {[%clk 00:07:01]}
{[%emt 00:00:27]} bxc6 {[%emt 00:00:04]} 27. Rh7 {[%emt 00:00:23]} Rb8 {[%clk
00:37:07]} {[%emt 00:00:26]} 28. b3 {[%clk 00:07:16]} {[%emt 00:00:15]} Bb7
{[%clk 00:36:18]} {[%emt 00:01:19]} 29. Rgg7 {[%clk 00:07:32]} {[%emt
00:00:14]} Rd8 {[%clk 00:36:08]} {[%emt 00:00:39]} 30. Bf5 {[%clk 00:07:33]}
{[%emt 00:00:29]} Bc8 {[%clk 00:35:19]} {[%emt 00:01:20]} 31. Kd3 {[%clk
00:04:53]} {[%emt 00:03:09]} 1-0

[Event "DVM U20 2023"]
[Site "Magdeburg GER"]
[Date "2023.12.27"]
[Round "1"]
[White "Senel, Serdar"]
[Black "Kosmehl, Konrad"]
[Result "1-0"]
[Termination "normal"]
[Board "6.6"]
[WhiteElo "1019"]
[BlackElo "1193"]
[WhiteClock "00:40:07"]
[BlackClock "00:01:21"]
[WhiteTeam "SV Hemer 1932"]
[BlackTeam "SK Lehrte 1919"]
[PlyCount "55"]
[WhiteFideId "34608796"]
[BlackFideId "16283120"]
[EventCountry "GER"]
[EventRounds "7"]
[EventType "team-swiss"]
[EventDate "2023.12.26"]

1. d4 {[%clk 01:30:53]} {[%emt 00:00:07]} d5 {[%clk 01:30:56]} {[%emt
00:00:05]} 2. Nf3 {[%clk 01:31:08]} {[%emt 00:00:15]} e6 {[%clk 01:28:34]}
{[%emt 00:02:51]} 3. e3 {[%clk 01:31:03]} {[%emt 00:00:35]} Nd7 {[%clk
01:28:37]} {[%emt 00:00:28]} 4. Bd3 {[%clk 01:31:16]} {[%emt 00:00:16]} Bd6
{[%clk 01:28:53]} {[%emt 00:00:13]} 5. b3 {[%clk 01:30:49]} {[%emt 00:00:57]}
Qe7 {[%clk 01:26:10]} {[%emt 00:03:13]} 6. O-O {[%clk 01:29:11]} {[%emt
00:02:09]} f5 {[%clk 01:25:33]} {[%emt 00:01:08]} 7. Bb2 {[%clk 01:27:57]}
{[%emt 00:01:43]} Ngf6 {[%clk 01:22:51]} {[%emt 00:03:13]} 8. Ne5 {[%clk
01:28:05]} {[%emt 00:00:22]} O-O {[%clk 01:22:56]} {[%emt 00:00:24]} 9. Nd2
{[%clk 01:26:46]} {[%emt 00:01:49]} Ne4 {[%clk 01:16:47]} {[%emt 00:06:39]} 10.
f3 {[%clk 01:23:04]} {[%emt 00:04:11]} Ng5 {[%clk 01:06:49]} {[%emt 00:10:28]}
11. c4 {[%clk 01:15:21]} {[%emt 00:08:14]} c6 {[%clk 01:02:56]} {[%emt
00:04:22]} 12. Rc1 {[%clk 00:53:09]} {[%emt 00:22:42]} Nxe5 {[%clk 00:30:00]}
{[%emt 00:33:27]} 13. dxe5 {[%clk 00:52:51]} {[%emt 00:00:46]} Bc5 {[%clk
00:29:05]} {[%emt 00:01:26]} 14. Bd4 {[%clk 00:50:45]} {[%emt 00:02:36]} f4
{[%clk 00:26:39]} {[%emt 00:02:56]} 15. cxd5 {[%clk 00:47:36]} {[%emt
00:03:39]} Ba3 {[%clk 00:20:21]} {[%emt 00:06:48]} 16. d6 {[%clk 00:47:08]}
{[%emt 00:00:57]} Qe8 {[%clk 00:16:50]} {[%emt 00:04:01]} 17. Rb1 {[%clk
00:44:41]} {[%emt 00:02:57]} c5 {[%clk 00:14:31]} {[%emt 00:02:50]} 18. exf4
{[%clk 00:44:04]} {[%emt 00:01:07]} cxd4 {[%clk 00:08:39]} {[%emt 00:06:22]}
19. fxg5 {[%clk 00:44:01]} {[%emt 00:00:32]} Qc6 {[%clk 00:07:44]} {[%emt
00:01:25]} 20. Nc4 {[%clk 00:43:00]} {[%emt 00:01:30]} Bb4 {[%clk 00:07:14]}
{[%emt 00:01:01]} 21. Be4 {[%clk 00:42:19]} {[%emt 00:01:10]} Qc5 {[%clk
00:06:57]} {[%emt 00:00:48]} 22. Qd3 {[%clk 00:42:10]} {[%emt 00:00:38]} Rb8
{[%clk 00:06:09]} {[%emt 00:01:18]} 23. Bxh7+ {[%clk 00:42:24]} {[%emt
00:00:16]} Kh8 {[%clk 00:06:03]} {[%emt 00:00:38]} 24. Be4 {[%clk 00:41:28]}
{[%emt 00:01:26]} b5 {[%clk 00:06:10]} {[%emt 00:00:22]} 25. f4 {[%clk
00:39:09]} {[%emt 00:02:48]} Rf7 {[%clk 00:00:49]} {[%emt 00:05:52]} 26. Qh3+
{[%clk 00:39:18]} {[%emt 00:00:21]} Kg8 {[%clk 00:01:02]} {[%emt 00:00:16]} 27.
Qh7+ {[%clk 00:39:42]} {[%emt 00:00:06]} Kf8 {[%clk 00:01:21]} {[%emt
00:00:11]} 28. Qh8# {[%clk 00:40:07]} {[%emt 00:00:05]} 1-0